Guess the 1970s song lyrics #147 - Statistics

General Stats
  • This quiz has been taken 23 times
  • The average score is 53 of 86
Answer Stats
Answer % Correct
a
100%
a
100%
a
100%
a
100%
a
100%
a
100%
a
100%
a
100%
a
100%
the
100%
The
100%
The
100%
the
100%
The
100%
and
85%
me
85%
is
80%
is
80%
is
80%
my
80%
All
75%
know
70%
to
70%
drive
65%
friends
65%
no
65%
one
65%
with
65%
little
60%
little
60%
little
60%
little
60%
little
60%
little
60%
little
60%
little
60%
see
60%
too
60%
low
55%
low
55%
low
55%
Low
55%
Low
55%
Low
55%
Low
55%
low
55%
now
55%
rider
55%
rider
55%
rider
55%
rider
55%
rider
55%
rider
55%
rider
55%
rider
55%
Take
55%
take
55%
Take
55%
Take
55%
take
55%
Take
55%
trip
50%
trip
50%
trip
50%
trip
50%
trip
50%
trip
50%
Yeah
50%
Yeah
50%
yeah
50%
yeah
50%
fast
45%
higher
45%
street
45%
drives
40%
real
40%
every
35%
gas
35%
doesn't
30%
doesn't
30%
Hey
30%
slower
30%
goer
25%
knows
25%
meet
25%
use
25%
No matching quizzes found
Score Distribution
Percent of People with Each Score
Percentile by Number Answered
Your Score History
You have not taken this quiz